The nurse's anatomy, physiology and pathophysiology glossary : (Record no. 44135)

MARC details
001 - CONTROL NUMBER
control field 22663592
003 - CONTROL NUMBER IDENTIFIER
control field 0000
005 - DATE AND TIME OF LATEST TRANSACTION
control field 20260316104017.0
008 - FIXED-LENGTH DATA ELEMENTS--GENERAL INFORMATION
fixed length control field 220623s2022 cau 000 0 eng
010 ## - LIBRARY OF CONGRESS CONTROL NUMBER
LC control number 2022941475
020 ## - INTERNATIONAL STANDARD BOOK NUMBER
International Standard Book Number 9781529603804
020 ## - INTERNATIONAL STANDARD BOOK NUMBER
Cancelled/invalid ISBN 9781529610246
035 ## - SYSTEM CONTROL NUMBER
System control number 22663592
040 ## - CATALOGING SOURCE
Original cataloging agency DLC
Language of cataloging eng
Description conventions rda
Transcribing agency DLC
042 ## - AUTHENTICATION CODE
Authentication code pcc
050 00 - LIBRARY OF CONGRESS CALL NUMBER
Classification number QP 34.5 .C66
100 1# - MAIN ENTRY--PERSONAL NAME
Personal name Cook, Neal,
Relator term author.
245 14 - TITLE STATEMENT
Title The nurse's anatomy, physiology and pathophysiology glossary :
Remainder of title over 2000 essential terms and their pronunciation /
Statement of responsibility, etc Neal Cook, Andrea Shepherd.
250 ## - EDITION STATEMENT
Edition statement 2nd. ed.
264 #1 - PUBLICATION, DISTRIBUTION, ETC. (IMPRINT)
Place of publication, distribution, etc Los Angeles :
Name of publisher, distributor, etc SAGE,
Date of publication, distribution, etc 2023
300 ## - PHYSICAL DESCRIPTION
Extent xi, 236 pages ;
Dimensions 19 cm
336 ## - CONTENT TYPE
Content type term text
Content type code txt
Source rdacontent
337 ## - MEDIA TYPE
Media type term unmediated
Media type code n
Source rdamedia
338 ## - CARRIER TYPE
Carrier type term volume
Carrier type code nc
Source rdacarrier
520 ## - SUMMARY, ETC.
Summary, etc "Designed for speed and simplicity, this pocket-sized glossary provides an A-Z reference guide of 2,000 key biological terms used in nursing. Key Features: - Clear definitions of commonly used terminology - Guidance on pronunciation of unfamiliar words - Breaks down complex terms to aid understanding"--
Assigning source Provided by publisher.
650 #0 - SUBJECT ADDED ENTRY--TOPICAL TERM
Topical term or geographic name as entry element Human physiology
Form subdivision Terminology.
650 #0 - SUBJECT ADDED ENTRY--TOPICAL TERM
Topical term or geographic name as entry element Human anatomy
Form subdivision Terminology.
650 #0 - SUBJECT ADDED ENTRY--TOPICAL TERM
Topical term or geographic name as entry element Physiology, Pathological
Form subdivision Terminology.
655 #7 - INDEX TERM--GENRE/FORM
Genre/form data or focus term Dictionaries.
Source of term lcgft
Authority record control number https://id.loc.gov/authorities/genreForms/gf2014026086
700 1# - ADDED ENTRY--PERSONAL NAME
Personal name Shepherd, Andrea,
Relator term author.
906 ## - LOCAL DATA ELEMENT F, LDF (RLIN)
a 7
b cbc
c orignew
d 2
e epcn
f 20
g y-gencatlg
942 ## - ADDED ENTRY ELEMENTS (KOHA)
Source of classification or shelving scheme Library of Congress Classification
Koha item type Books
Holdings
Withdrawn status Lost status Source of classification or shelving scheme Damaged status Not for loan Permanent Location Current Location Date acquired Total Checkouts Full call number Barcode Date last seen Price effective from Koha item type
    Library of Congress Classification     NILE UNIVERSITY OF NIGERIA - MAIN LIBRARY NILE UNIVERSITY OF NIGERIA - MAIN LIBRARY 03/16/2026   QP 34.5 .C66 2023 0199528 03/16/2026 03/16/2026 Books